000 00993nam a22002897a 4500
003 CHAP
005 20220329134743.0
008 971013s1966 r 00010 d
010 _a25304
011 _a26276
035 _a30376
040 _cCHAP
082 _a633.1
_bI5
110 _aInstituto Latinoamericano de Mercadeo Agrícola
_959244
245 _aEstudio de viabilidad para ampliación de la capacidad de almacenamiento en granos del INA
260 _aBogotá :
_bInstituto Latinoamericano de Mercadeo Agrícola,
_c1966
300 _a109 h
590 _aBATCH-UPD
_b10
_c20130110
_lUCH01
_h1204
590 _aBATCH-UPD
_b10
_c20130410
_lUCH01
_h0746
590 _aBATCH-UPD
_b10
_c20130914
_lUCH01
_h0913
590 _aCONVERSION
_b10
_c20130109
_lUCH01
_h1315
650 1 4 _aCereales
_xAlmacenamiento.
_921373
710 0 _aInstituto Nacional de Abastecimiento. Bogotá.
_959282
901 _aBK
942 _cLIBRO
949 _a633.1 I5
_bBC
_cLIBRO
_d-70508
_eLIBRO
_h22164
_i30376
_mD
_si
999 _c25304
_d25304